Online Catalogue and eLibrary

Dependency Culture: (Record no. 1205)

MARC details
000 -LEADER
fixed length control field 00518nam a2200205Ia 4500
005 - DATE AND TIME OF LATEST TRANSACTION
control field 20250324044441.0
008 - FIXED-LENGTH DATA ELEMENTS--GENERAL INFORMATION
fixed length control field 240331s9999 xx 000 0 und d
020 ## - INTERNATIONAL STANDARD BOOK NUMBER
ISBN 0745012264
082 ## - DDC Classification
Class No. 303.4
Item Number - Author Mark DEA
DDC Edition Number 1142
100 ## - MAIN ENTRY--PERSONAL NAME
Personal name Dean, H
100 ## - MAIN ENTRY--PERSONAL NAME
Personal name Taylor-Gooby, P
245 #0 - TITLE STATEMENT
Title Dependency Culture:
Remainder of title The Explosion of a Myth
260 ## - PUBLICATION, DISTRIBUTION, ETC.
Place of publication, distribution, etc. New York;
-- London,
Name of publisher, distributor, etc. Harvester Wheatsheaf
Date of publication, distribution, etc. 1992
300 ## - PHYSICAL DESCRIPTION
Extent (e.g. Volumes, Pages etc.) xi, 217 p.,
650 ## - SUBJECT ADDED ENTRY--TOPICAL TERM
Topical term or geographic name entry element Culture
650 ## - SUBJECT ADDED ENTRY--TOPICAL TERM
Topical term or geographic name entry element Myth
650 ## - SUBJECT ADDED ENTRY--TOPICAL TERM
Topical term or geographic name entry element Dependency
650 ## - SUBJECT ADDED ENTRY--TOPICAL TERM
Topical term or geographic name entry element Society
942 ## - Koha item type (Biblio)
Koha item type Books in Stacks (Lending)
Holdings
Lost status Damaged status Collection code Home library Current library Shelving location Date acquired Full call number Accession Number Item type
    Lending WERC Library WERC Library Social Science Cupboard 03/31/2024 303.4 DEA 1142 Books in Stacks (Lending)

© WERC Library